• 首页
  • 本馆介绍
  • 公告通知
  • 最新文献
  • 馆藏检索
  • 电子资源
  • 读者导购
  • 参考咨询
  • 我的图书馆
  • 登录
  • 详细信息显示
  • 放入我的书架
  • 预约/预借图书
  • 作者相关作品
  • 分类相关作品
  • 丛书相关作品
  • 出版社相关作品

书目信息

  • 表格格式
  • 工作单格式
  • 卡片格式
题名:
法律
    
 
作者: 本书组编写
分册:  
出版信息: 北京   北京师范大学出版社  2001.01
页数: 252页
开本: 20cm
丛书名:
单 册:
中图分类: D92-43
科图分类:
主题词: 法律--中国
电子资源:
ISBN: 7-303-04249-0
000 00479nam0 2200181 45
001 0330108142
005 2003092608214801
010    @a7-303-04249-0@dRMB 6.00
100    @a20030926d2001 km y0chiy0120 ea
101 0  @achi
102    @aCN@b110000
200 1  @a法律@Afa lu@f本书组编写@Fben shu zu bian xie
210    @a北京@c北京师范大学出版社@d2001.01
215    @a252页@d20cm
606 0  @a法律@x中国
690    @aD92-43@v3
801  0 @aCN@bPFT@c20030926
905    @aBZT@dD92-43@e2@f19
    
    法律/本书组编写.-北京:北京师范大学出版社,2001.01
    252页;20cm
    
    
    ISBN 7-303-04249-0:RMB 6.00
    
●
相关链接 在五车中查询图书 在当当中查询图书 在豆瓣中查询图书


正题名:法律     索取号:D92-43/2         预约/预借

序号 登录号 条形码 馆藏地/架位号 状态 备注
1 0351585   200331051   教材工具书阅览室/工1架B面4层1列/ [索取号:D92-43/2] 在馆    
2 0351586   200331042   教材工具书阅览室/工1架B面4层1列/ [索取号:D92-43/2] 在馆    
3 0351587   200331079   教材工具书阅览室/工1架B面4层1列/ [索取号:D92-43/2] 在馆    
4 0351588   200331060   教材工具书阅览室/工1架B面4层1列/ [索取号:D92-43/2] 在馆    
5 0351589   200331097   教材工具书阅览室/工1架B面4层1列/ [索取号:D92-43/2] 在馆    
6 0351590   200331088   教材工具书阅览室/工1架B面4层1列/ [索取号:D92-43/2] 在馆    
7 0351591   200331113   教材工具书阅览室/工1架B面4层1列/ [索取号:D92-43/2] 在馆    
8 0351592   200331104   教材工具书阅览室/工1架B面4层1列/ [索取号:D92-43/2] 在馆    
9 0351593   200331131   教材工具书阅览室/工1架B面4层1列/ [索取号:D92-43/2] 在馆    
10 0351594   200331122   教材工具书阅览室/工1架B面4层1列/ [索取号:D92-43/2] 在馆    
11 0351595   200331159   教材工具书阅览室/工1架B面4层1列/ [索取号:D92-43/2] 在馆    
12 0351596   200331140   教材工具书阅览室/工1架B面4层1列/ [索取号:D92-43/2] 在馆    
13 0351597   200331177   教材工具书阅览室/工1架B面4层1列/ [索取号:D92-43/2] 在馆    
14 0351598   200331168   教材工具书阅览室/工1架B面4层1列/ [索取号:D92-43/2] 在馆    
15 0351599   200331195   教材工具书阅览室/工1架B面4层1列/ [索取号:D92-43/2] 在馆    
16 0351600   200331186   教材工具书阅览室/工1架B面4层1列/ [索取号:D92-43/2] 在馆    
17 0351601   200331211   教材工具书阅览室/工1架B面4层1列/ [索取号:D92-43/2] 在馆    
18 0351602   200331202   教材工具书阅览室/工1架B面4层1列/ [索取号:D92-43/2] 在馆    
19 0351603   200331239   教材工具书阅览室/工1架B面4层1列/ [索取号:D92-43/2] 在馆    
山东省滨州职业学院图书馆 欢迎您!
大连网信软件有限公司© 版权所有